Benefits of narrow business strategies (Registro nro. 28112)

Detalles MARC
000 -LEADER
fixed length control field 00363 a2200121 4500
001 - CONTROL NUMBER
control field ART_46381
005 - DATE AND TIME OF LATEST TRANSACTION
control field 20260410161925.0
008 - FIXED-LENGTH DATA ELEMENTS--GENERAL INFORMATION
fixed length control field 260409a
100 1# - MAIN ENTRY--PERSONAL NAME
Personal name Rotemberg, Julio
245 10 - TITLE STATEMENT
Title Benefits of narrow business strategies
700 1# - ADDED ENTRY--PERSONAL NAME
Personal name Saloner, Garth
773 0# - HOST ITEM ENTRY
Title The American Economic Review
Related parts - Vol. 84, Nº 5 (dic. 1994)
Record control number REV16190

No hay ítems disponibles.